000 00520nam a2200181Ia 4500
001 22670
005 20260414150846.0
008 260414t2014||||xx |||||||||||||| ||spa||
041 _aESP
082 _a621.384
_bH89
100 _aHuidobro Moya, José Manuel
_eAUT
245 0 _aComunicaciones por radio :
_btecnologías, redes y servicios de radiocomunicaciones. El espectro electromagnético
260 _c2014
300 _a585 páginas :
_c23 cm.
650 _aTCA
654 _aCET
942 _cLIB
_dJUS
_fJUS
_2ddc
_n
999 _c22670
_d22670